LIBRARY ONLINE CATALOGUE

The Story of Uganda Protectorate / (Record no. 13345)

MARC details
000 -LEADER
fixed length control field 00552nam a22001932 4500
001 - CONTROL NUMBER
control field 0000011704
005 - DATE AND TIME OF LATEST TRANSACTION
control field 20151217155846.0
008 - FIXED-LENGTH DATA ELEMENTS--GENERAL INFORMATION
fixed length control field 090105s xx 000 0 eng d
040 ## - CATALOGING SOURCE
Original cataloging agency KABU
Transcribing agency KABU
100 1# - MAIN ENTRY--PERSONAL NAME
Personal name Lugard, F. D.
-- 0000167680
245 14 - TITLE STATEMENT
Title The Story of Uganda Protectorate /
Statement of responsibility, etc. F. D. Lugard.
250 ## - EDITION STATEMENT
Edition statement 1st ed.
260 ## - PUBLICATION, DISTRIBUTION, ETC. (IMPRINT)
Place of publication, distribution, etc. London :
Name of publisher, distributor, etc. Horace Marshall,
Date of publication, distribution, etc. 1900.
300 ## - PHYSICAL DESCRIPTION
Extent 175 p.
651 #0 - SUBJECT ADDED ENTRY--GEOGRAPHIC NAME
Geographic name Uganda
General subdivision History.
-- 0000161359
852 1# - LOCATION
-- p400 KES
908 ## - PUT COMMAND PARAMETER (RLIN)
Put command parameter 090105
950 ## - LOCAL HOLDINGS (RLIN)
-- 1
Holdings
Withdrawn status Lost status Source of classification or shelving scheme Not for loan Home library Current library Date acquired Total Checkouts Full call number Barcode Date last seen Price effective from Koha item type
    Library of Congress Classification   Kabarak, Main Campus Kabarak, Main Campus 17/12/2015   DT433.27 .L84 c. 1 15868 17/12/2015 17/12/2015 Africana Collection